书目信息 |
| 题名: |
青鸟
|
|
| 作者: | 梅特林克 , 梅特林克 著 ;曲鑫 译 | |
| 分册: | ||
| 出版信息: | 长春 吉林大学出版社 2011.06 |
|
| 页数: | 140页 | |
| 开本: | 23cm | |
| 丛书名: | 语文新课标必读丛书 | |
| 单 册: | ||
| 中图分类: | I564.88 | |
| 科图分类: | ||
| 主题词: | 童话--比利时--现代--缩写 , 童话 | |
| 电子资源: | ||
| ISBN: | 978-7-5601-7193-7 | |
| 000 | 01012nam0 2200313 450 | |
| 001 | 1136657816 | |
| 005 | 20111212101239.50 | |
| 010 | @a978-7-5601-7193-7@dCNY15.90 | |
| 049 | @aA210000LPL@bUCS01004908095@c012004553288 | |
| 090 | @aI564.8@bmtl | |
| 096 | @aI564.8@bmtl | |
| 100 | @a20111119d2011 em y0chiy50 ea | |
| 101 | 1 | @achi@cfre |
| 102 | @aCN@b220000 | |
| 105 | @aa z 000fy | |
| 200 | 1 | @a青鸟@9qing niao@b专著@f(比)梅特林克(Maeterlinck, A.)著@F(bi)mei te lin ke(Maeterlinck,A.)zhu@g曲鑫译 |
| 210 | @a长春@c吉林大学出版社@d2011.06 | |
| 215 | @a140页@c图@d23cm | |
| 225 | 1 | @a语文新课标必读丛书 |
| 300 | @a教育部《语文新课程标准》推荐篇目 | |
| 300 | @a大悦读 | |
| 606 | 0 | @a童话@y比利时@z现代@j缩写 |
| 606 | 0 | @a童话 |
| 690 | @aI564.88@v4 | |
| 701 | 0 | @c(比)@a梅特林克@c(Materlinck, Maurice@f1862~1949)@4著@9mei te lin ke |
| 701 | 0 | @a梅特林克@Amei te lin ke@bMaeterlinck,A.@4著 |
| 702 | 0 | @a曲鑫@9qu xin@4译 |
| 801 | 0 | @aCN@b110017@c20110725 |
| 905 | @aZUCC@dI564.88@eM458 | |
| 青鸟/(比)梅特林克(Maeterlinck, A.)著/曲鑫译.-长春:吉林大学出版社,2011.06 |
| 140页:图;23cm.-(语文新课标必读丛书) |
| 教育部《语文新课程标准》推荐篇目.-大悦读 |
| ISBN 978-7-5601-7193-7:CNY15.90 |
| ● |
| 相关链接 |
|
|
|
正题名:青鸟
索取号:I564.88/M458
 
预约/预借
| 序号 | 登录号 | 条形码 | 馆藏地/架位号 | 状态 | 备注 |
| 1 | 843200 | 208432007 | 社科二线422/422社科库 5排2列3层/ [索取号:I564.88/M458] | 在馆 | |
| 2 | 843201 | 208432016 | 文学库116/400B社科库 23排4列5层/ [索取号:I564.88/M458] | 在馆 | |
| 3 | 843212 | 208432123 | 文学库116/116文学库 22排5列6层/ [索取号:I564.88/M458] | 在馆 |